Geography Quiz

Random Geography or State Quiz

State by Wilderness Area Quiz Stats

 Plays Quiz not verified by Sporcle

Challenge
Share
Tweet
Embed
Score 0/44 Timer 08:00
0 Plays Today
Wilderness Area State % Correct
Nunivak WildernessAlaska
83.3%
Haleakala WildernessHawaii
78.6%
Gulf Islands WildernessMississippi
78.6%
Mackinac WildernessMichigan
76.2%
Guadalupe Mountains WildernessTexas
76.2%
Allegheny Islands WildernessPennsylvania
73.8%
East Cactus Plain WildernessArizona
71.4%
Frank Church-River of No Return WildernessIdaho
69%
Boundary Waters Canoe Area WildernessMinnesota
69%
Wichita Mountains WildernessOklahoma
69%
Salmon-Huckleberry WildernessOregon
64.3%
Cottonwood Canyon WildernessUtah
61.9%
Pelican Island WildernessFlorida
57.1%
Moosehorn WildernessMaine
57.1%
Bisti/De-Na-Zin WildernessNew Mexico
57.1%
North Algodones Dunes WildernessCalifornia
52.4%
Medicine Lake WildernessMontana
52.4%
Otis Pike Fire Island High Dune WildernessNew York
45.2%
Wambaw Swamp WildernessSouth Carolina
45.2%
Fort Niobrara WildernessNebraska
42.9%
Juniper Dunes WildernessWashington
42.9%
Pemigewasset WildernessNew Hampshire
38.1%
Wilderness Area State % Correct
Black Elk WildernessSouth Dakota
38.1%
Porcupine Lake WildernessWisconsin
38.1%
Blackbeard Island WildernessGeorgia
33.3%
Shining Rock WildernessNorth Carolina
33.3%
Cloud Peak WildernessWyoming
33.3%
Never Summer WildernessColorado
31%
Breadloaf WildernessVermont
31%
Cheaha WildernessAlabama
28.6%
Caney Creek WildernessArkansas
28.6%
Parsnip Peak WildernessNevada
23.8%
Monomoy WildernessMassachusetts
21.4%
Chase Lake WildernessNorth Dakota
21.4%
West Sister Island WildernessOhio
21.4%
Little Frog Mountain WildernessTennessee
21.4%
Cranberry WildernessWest Virginia
21.4%
Lacassine WildernessLouisiana
19%
Piney Creek WildernessMissouri
19%
Crab Orchard WildernessIllinois
16.7%
Brigantine WildernessNew Jersey
16.7%
Brush Mountain WildernessVirginia
16.7%
Charles C. Deam WildernessIndiana
14.3%
Clifty WildernessKentucky
14.3%

You're not logged in!

Compare scores with friends on all Sporcle quizzes.
OR
Log In

You Might Also Like...

Show Comments

Extras

Top Quizzes Today


Score Distribution

Your Account Isn't Verified!

In order to create a playlist on Sporcle, you need to verify the email address you used during registration. Go to your Sporcle Settings to finish the process.

Report this User

Report this user for behavior that violates our Community Guidelines.

Details: